One Piece - Lettre R - Statistiques

Statistiques générales
  • Ce quiz a été pris 81 fois
  • Le résultat moyen est 18 sur 25
Statistiques - réponses
Indice Réponse % Correct
Continent circulaire séparant les mers Red Line
97%
Archéologue recherché depuis ses 8 ans Robin
97%
Second du roi des pirates, et mentor de Luffy Rayleigh
94%
Sabo, Kuma, ou encore Koala en sont Révolutionnaire
94%
Mot fétiche de Trafalgar Law qu'il prononce avant chaque attaque Room
93%
Frère de Don Quichotte Doflamingo qui a protégé Law de se dernier Rossinante
90%
Célèbre équipage qui à forcé Garp et Roger à s'alliés Rocks
88%
Sommet mondial se déroulant à Mary Geoise Rèverie
84%
Sœur de Sanji surnommé "Poison Pink" Reiju
82%
Fruit du démon mangé par Brook Résurrection
82%
Bretteur surnommé "le Dieu des Lames" Ryuma
82%
Ninja faisant partie des fourreaux rouge, protégé par les Minks au péril de leurs royaume Raizo
81%
Princesse batârde de Dressrosa qui maîtrise le fluide Perceptif Rebecca
81%
Île repaire des pirates de barbe noire et étant l'origine du Davy Back Fight Ruche
78%
Drogue créer par Chopper qui permettrait de booster les capacités des animaux Rumble Ball
70%
Dynastie régnant sur Dressrosa Riku
69%
Admiral de la marine qui ne jure que par les dragons céleste Ryokugyu
69%
Fruit au très grand potentiel, mangé par Shû, Commandant de la marine Rouille
60%
lion de compagnie de Morge et également membre de L'Équipage du Clown Richie
57%
Pierre rouge qui permettrait de trianguler la position de Laugh Tale Road Ponéglyphe
57%
Passage obligatoire pour tous pirates entrant dans Grand Line Reverse Mountain
55%
Incident perpétré par Law pendant les 2 ans d'ellipse, concernant l'île du dessus Rocky Port
34%
Région de Wano où tous les samouraï sont entérrés Ringo
28%
Tenue de combat développer et utiliser par la famille Vinsmoke Raid Suit
24%
Endroit permettant à la marine et au gouvernement mondial de franchir Red Line Red Port
13%
Aucun quiz correspondant
Distribution des résultats
% des personnes avec chaque résultat
Percentile par nombre de réponses
Votre historique - résultats
Vous n’avez pas pris ce quiz